ბათუმის შოთა რუსთაველის სახელმწიფო უნივერსიტეტის ბიბლიოთეკა

ჩანაწერი Corporate Name

ჩანაწერთა რაოდენობა, რომელიც გამოყენებულია: 1

001 - CONTROL NUMBER

  • control field: 12677

003 - CONTROL NUMBER IDENTIFIER

  • control field: GE_BSU

005 - DATE AND TIME OF LATEST TRANSACTION

  • control field: 20211018152035.0

008 - FIXED-LENGTH DATA ELEMENTS

  • fixed length control field: 211018|| aca||aabn | a|a d

040 ## - CATALOGING SOURCE

  • Original cataloging agency: GE_BSU
  • Transcribing agency: GE_BSU

110 ## - HEADING--CORPORATE NAME

  • Corporate name or jurisdiction name as entry element: შოთა რუსთაველის სახელმწიფო უნივერსიტეტი

670 ## - SOURCE DATA FOUND

  • Source citation: Work cat.: (GE_BSU)54195: დავითაძე, თამილა 6052, ფრანგული დეკადანსის პოეზია ქართველ ცისფერყანწელთა შემოქმედებაში :